• 首页
  • 本馆介绍
  • 公告通知
  • 最新文献
  • 馆藏检索
  • 电子资源
  • 读者导购
  • 参考咨询
  • 我的图书馆
  • 登录
  • 详细信息显示
  • 放入我的书架
  • 预约/预借图书
  • 作者相关作品
  • 分类相关作品
  • 丛书相关作品
  • 出版社相关作品

书目信息

  • 表格格式
  • 工作单格式
  • 卡片格式
题名:
电视采访:探寻事实真相
    
 
作者: 叶凤英 , 赵淑萍 著
分册:  
出版信息: 北京   北京师范大学出版社  2009
页数: 452页
开本: 23cm
丛书名:
单 册:
中图分类: G222.1
科图分类:
主题词: 电视新闻--新闻采访--高等学校--教材 , 电视新闻 , 新闻采访
电子资源:
ISBN: 978-7-303-09587-2
000 01085nam0 2200289 45
001 1029855359
005 20100428151159.03
010    @a978-7-303-09587-2@dCNY44.80
100    @a20100420d2009 em y0chiy50 ea
101 0  @achi
102    @aCN@b110000
105    @aa z 000yy
106    @ar
200 1  @a电视采访:探寻事实真相@ADian Shi Cai Fang: Tan Xun Shi Shi Zhen Xiang@f 叶子,赵淑萍著@F Ye Zi, Zhao Shu Ping Zhu
210    @a北京@c北京师范大学出版社@d2009
215    @a452页@c图@d23cm
300    @a新世纪高等学校教材普通高等教育“十一五”国家级规划教材电视学专业课系列教材
330    @a本书阐述了电视采访的共性与个性、采访策划、采访准备、采访基本方法、现场采访、人物专访、调查采访、采访方式与手段、采访心理、电视采访思维方式等内容。
517 1  @a探寻事实真相@ATan Xun Shi Shi Zhen Xiang
606 0  @a电视新闻@x新闻采访@x高等学校@j教材
606 0  @a电视新闻
606 0  @a新闻采访
690    @aG222.1@v4
701  0 @a叶凤英@AYe Feng Ying@4著
701  0 @a赵淑萍@AZhao Shu Ping@4著
801  0 @aCN@bTANGWEI@c20100428
905    @b0593173-77@dG222.1@e107@f5
    
    电视采访:探寻事实真相/ 叶子,赵淑萍著.-北京:北京师范大学出版社,2009
    452页:图;23cm
    新世纪高等学校教材普通高等教育“十一五”国家级规划教材电视学专业课系列教材
    
    ISBN 978-7-303-09587-2:CNY44.80
    本书阐述了电视采访的共性与个性、采访策划、采访准备、采访基本方法、现场采访、人物专访、调查采访、采访方式与手段、采访心理、电视采访思维方式等内容。
●
相关链接 在E读中查询图书 在五车中查询图书 在当当中查询图书 在豆瓣中查询图书


正题名:电视采访:探寻事实真相     索取号:G222.1/107         预约/预借

序号 登录号 条形码 馆藏地/架位号 状态 备注
1 0593173   205931731   第一样本阅览室/ [索取号:G222.1/107] 在馆    
2 0593174   205931740   第四借阅区/ [索取号:G222.1/107] 在馆    
3 0593175   205931759   第四借阅区/ [索取号:G222.1/107] 在馆    
4 0593176   205931768   第四借阅区/ [索取号:G222.1/107] 在馆    
5 0593177   205931777   第四借阅区/ [索取号:G222.1/107] 在馆    
唐山师范学院图书馆 欢迎您!
大连网信软件有限公司© 版权所有